[Event "Sofia CSKA op 12th"]
[Site "Sofia"]
[Date "2009.02.14"]
[Round "2"]
[White "Andreev, Dobrotich"]
[Black "Hristov, Nikolay Valeriev"]
[Result "1-0"]
[WhiteElo "2121"]
[BlackElo "1845"]
[PlyCount "74"]
[EventDate "2009.02.14"]
[EventType "swiss"]
[EventRounds "6"]
[EventCountry "BUL"]
[SourceTitle "CBM 128 Extra"]
[Source "ChessBase"]
[SourceDate "2009.03.05"]
[SourceVersion "2"]
[SourceVersionDate "2009.03.25"]
[SourceQuality "1"]

1. e4 e5 2. Nf3 Nc6 3. Bb5 a6 4. Bxc6 dxc6 5. Nc3 Bg4 6. h3 Bxf3 7. Qxf3 Nf6 8. d3 Be7 9. Qg3 Qd6 10. Be3 0-0-0 11. f4 exf4 12. Bxf4 Qb4 13. 0-0-0 Rd7 14. Qf3 Rhd8 15. g4 g6 16. Kb1 Ne8 17. a3 Qa5 18. Bd2 Qb6 19. Be3 Qa5 20. Qxf7 Bc5 21. Qf2 Bxa3 22. bxa3 Qxc3 23. Bc1 Kb8 24. Bb2 Qa5 25. Qd2 Qb6 26. Qb4 Qe3 27. Bc1 Qg3 28. Rdf1 Qe5 29. Bb2 Qg3 30. Qc5 Qh4 31. Rf3 Nd6 32. Bf6 Qh6 33. Bxd8 Rxd8 34. Rhf1 b6 35. Qe3 Qg7 36. Qg5 Re8 37. Qf6 Qd7 1-0

[Event "BUL-ch sf"]
[Site "Plovdiv"]
[Date "2009.01.31"]
[Round "9"]
[White "Hristov, Nikolay Valeriev"]
[Black "Bednikov, Georgi"]
[Result "1-0"]
[WhiteElo "1845"]
[BlackElo "1828"]
[PlyCount "71"]
[EventDate "2009.01.25"]
[EventType "swiss"]
[EventRounds "9"]
[EventCountry "BUL"]
[SourceTitle "CBM 128 Extra"]
[Source "ChessBase"]
[SourceDate "2009.03.05"]
[SourceVersion "2"]
[SourceVersionDate "2009.03.25"]
[SourceQuality "1"]

1. d4 e6 2. c4 f5 3. Nf3 c6 4. Nc3 Nf6 5. Bg5 Be7 6. e3 0-0 7. Bxf6 Bxf6 8. Bd3 Na6 9. a3 d5 10. cxd5 cxd5 11. Bxa6 bxa6 12. 0-0 Rb8 13. Qe2 Qd6 14. Na4 Bd7 15. Nc5 Bb5 16. Qd2 Bxf1 17. Rxf1 g5 18. Qc3 Rfc8 19. b4 g4 20. Nd2 h5 21. f3 Kf7 22. Kh1 Kg6 23. e4 dxe4 24. fxe4 Bxd4 25. exf5+ exf5 26. Qd3 Bxc5 27. Qxf5+ Kh6 28. Ne4 Qg6 29. Qf4+ Kh7 30. Ng5+ Kg8 31. Qc4+ Kh8 32. Nf7+ Kh7 33. Ne5 Be3 34. Qd5 Rc1 35. Rxc1 Bxc1 36. Nxg6 1-0

[Event "BUL-ch sf"]
[Site "Plovdiv"]
[Date "2009.01.27"]
[Round "4"]
[White "Yordanov, Nikolay"]
[Black "Hristov, Nikolay Valeriev"]
[Result "1-0"]
[WhiteElo "2225"]
[BlackElo "1845"]
[PlyCount "101"]
[EventDate "2009.01.25"]
[EventType "swiss"]
[EventRounds "9"]
[EventCountry "BUL"]
[SourceTitle "CBM 128 Extra"]
[Source "ChessBase"]
[SourceDate "2009.03.05"]
[SourceVersion "2"]
[SourceVersionDate "2009.03.25"]
[SourceQuality "1"]

1. e4 e5 2. Nf3 Nc6 3. Nc3 Nf6 4. a3 h6 5. d4 exd4 6. Nxd4 Be7 7. Nxc6 bxc6 8. e5 Nh7 9. Bd3 d6 10. Qe2 Bb7 11. 0-0 dxe5 12. Qxe5 0-0 13. Rd1 Bd6 14. Qf5 Nf6 15. Ne4 Nxe4 16. Bxe4 g6 17. Qf3 Qh4 18. g3 Qh3 19. Be3 Rab8 20. Qf6 c5 21. Bxb7 Rxb7 22. b4 Rb6 23. Qf3 Rbb8 24. bxc5 Be5 25. Rab1 Rbe8 26. Rb4 g5 27. Ra4 Rd8 28. Rf1 f5 29. Qg2 Qxg2+ 30. Kxg2 f4 31. Bc1 fxg3 32. hxg3 Bd4 33. Rxa7 Rd7 34. Ra6 Kh7 35. Rc6 Rdf7 36. f4 Re7 37. Rh1 Re2+ 38. Kf3 Rf2+ 39. Kg4 gxf4 40. Rxc7+ Kg6 41. Bxf4 Bg7 42. Rxg7+ Kxg7 43. Bxh6+ Kg8 44. Bxf8 Kxf8 45. Rc1 Ke7 46. Kg5 Ke6 47. g4 Kf7 48. c4 Rf6 49. Rb1 Rc6 50. Rb7+ Kg8 51. Rb5 1-0